01386nam a22002417a 450000500170000000800410001702000180005804100110007605000290008708200080011624500290012426000400015330000220019350000130021552003670022865000970059565000820069265000980077494200130087299900190088595201200090495201200102420170809105330.0170809b xxu||||| |||| 00| 0 eng d a9781743603697 aFrench aCD PC 2112.5b.F873 2015 a440 aFrench : phrasebook & CD aAustralia :bLonely Planet,cc2015. a1 CD ;c4 3/4 in. aAudio CD aYour handy passport to culturally enriching travels with the most relevant and useful French phrases and vocabulary for all your travel needs. Ask about tucked-away vineyards, bargain with local farmers at the market or order wine like a professional; all with your trusted travel companion. The Audio CD includes 375 key phrases and can be downloaded as an MP3. 2Library of Congress Subject HeadingsaFrench languagevEnglishxConversation and phrasebooks 2Library of Congress Subject HeadingsaFrench language vDictionariesxEnglish 2Library of Congress Subject HeadingsaFrench language vSound recordings for English speakers 2lcccAVM c340928d340928 00102lcc40aLUXbLUXcAVd2017-08-09l0oCD PC 2112.5 .F873 2015pAV1547r2017-08-09 00:00:00t1w2017-08-09yAVM 00102lcc40aLUXbLUXcAVd2017-08-09l0oCD PC 2112.5 .F873 2015pAV1546r2017-08-09 00:00:00t2w2017-08-09yAVM